| 000 | 00000nam##2200000za#4500 |
| 001 | 9.569679 |
| 003 | CaOODSP |
| 005 | 20210624181901 |
| 007 | cr ||||||||||| |
| 008 | 150406|2005||||xxc|||||o f|0| 0 eng|d |
| 040 | |aCaOODSP|beng |
| 043 | |an-cn--- |
| 086 | 1 |aNH18-1/346-2005E-PDF |
| 110 | 2 |aCanada Mortgage and Housing Corporation. |
| 245 | 10|aWest Hills subdivision sustainable design charrette, Fredericton, New Brunswick 2004 : |h[electronic resource]|bresearch report |
| 246 | 3 |aWest Hills subdivision sustainable development charrette = Charrette sur l'aménagement durable du lotissement résidentiel West Hills |
| 260 | |aOttawa - Ontario : |bCanada Mortgage and Housing Corporation |cSeptember 2005 (main report), December 2007 (Research highlight). |
| 300 | |a41p.|bfigs. (some coloured), maps (some coloured), tables, photographs |
| 490 | 1 |aResearch report |
| 500 | |aIncludes: Research highlight (Socio-economic series 07-004, December 2007) under the title "West Hills subdivision sustainable development charrette". Y compris : Le point en recherche (Série socio-économique 07-004, décembre 2007) sous le titre « Charrette sur l'aménagement durable du lotissement résidentiel West Hills ». |
| 546 | |a(Comprend du texte en français.) |
| 590 | |a11-26-Supp|b2011-11-03 |
| 830 | #0|aResearch report (Canada Mortgage and Housing Corporation : Online)|w(CaOODSP)9.506068 |
| 856 | 40|ahttp://publications.gc.ca|qPDF|s1.48 MB|uhttps://publications.gc.ca/collections/collection_2011/schl-cmhc/nh18-1/NH18-1-346-2005-eng.pdf |